| 000 | 00815cab a2200265 4500 | ||
|---|---|---|---|
| 001 | ABS52935 | ||
| 008 | 090401t1995 xxu||||| |||| 00| 0 eng d | ||
| 035 | _a(Sirsi) u973 | ||
| 041 | _aeng | ||
| 100 | _aKitson, T. | ||
| 245 | _aTaking the initiative | ||
| 260 | _c1995 | ||
| 350 | _a0 | ||
| 490 |
_aPlanning Week _v11 May 1995, 16(1) |
||
| 520 | _aConsiders the potential for the private finance initiative for town centres, highlighting the role of PPG13 and PPG6 planning policies. | ||
| 650 | _aDEVELOPMENT PROPOSALS | ||
| 650 | _aPLANNING POLICY GUIDANCE NOTE 13 | ||
| 650 | _aPLANNING POLICY GUIDANCE NOTE SIX | ||
| 650 | _aPRIVATE FINANCE INITIATIVE | ||
| 650 | _aTOWN CENTRE MANAGEMENT | ||
| 650 | _aTOWN CENTRES | ||
| 690 | _aPLANNING LAW AND PRACTICE | ||
| 942 | _n0 | ||
| 948 | _c04/03/1997 | ||
| 999 |
_c542 _d542 |
||